000 00425nam a2200133Ia 4500
008 210430s9999 xx 000 0 und d
020 _a0-12-683265-X
082 _a668.9 E 9642 E
100 _aToyoichi Tanaka
_952794
245 _aExperimental Methods in Polmer Science: Modern Methods in polymer research and Technology /
_cToyoichi Tanaka
260 _aLondon
_bAcademic Press
_c2000
300 _a604p
942 _cBK
_2ddc
999 _c562251
_d562251